Film tiré d'un livre - Statistiques

Statistiques générales
  • Ce quiz a été pris 18 fois
    16 depuis la dernière actualisation
  • Le résultat moyen est 5 sur 16
Statistiques - réponses
Film Livre Auteur % Correct
Germinal Germinal Emile Zola
87%
Shining Shining Stephen King
80%
Charlie et la chocolaterie Charlie et la chocolaterie Roald Dahl
53%
1984 1984 Georges Orwell
40%
Jamais plus Jamais plus Colleen Hoover
33%
Twilight, chapitre I : Fascination Fascination Stephenie Meyer
33%
Jurassic Park Jurassic Park Michael Crichton
27%
Docteur Jekyll et Mister Hyde L'Étrange Cas du docteur Jekyll et de mister Hyde Robert Louis Stevenson
27%
Du silence et des ombres Ne tirez pas sur l'oiseau moqueur Harper Lee
20%
Cinquante nuances de Grey Cinquante nuances de Grey E.L. James
13%
L'associé du diable L'avocat du diable Andrew Neiderman
7%
D'après une histoire vraie D'après une histoire vraie Delphine de Vigan
7%
Emmanuelle Emmanuelle Emmanuelle Arsan
7%
Les dents de la mer Les dents de la mer Peter Benchley
7%
Le silence des agneaux Le silence des agneaux Thomas Harris
7%
L'exorciste L'exorciste William Peter Blatty
7%
Aucun quiz correspondant
Distribution des résultats
% des personnes avec chaque résultat
Percentile par nombre de réponses
Votre historique - résultats
Vous n’avez pas pris ce quiz depuis la dernière actualisation